Statistics for Biggest Cities in the Western Hemisphere

Click here to take the quiz!

General Stats

  • This quiz has been taken 3,303 times
    (1,953 since last reset)
  • The average score is 17 of 21

Answer Stats

PopulationCity% Correct
22.4 milNew York City
99%
17.8 milLos Angeles
97%
22.8 milMexico City
96%
13.1 milRio de Janeiro
92%
22.2 milSão Paulo
92%
9.75 milChicago
91%
16.3 milBuenos Aires
89%
9.90 milLima
87%
9.80 milBogotá
85%
6.60 milHouston
83%
7.85 milSan Francisco
83%
7.20 milSantiago
83%
7.10 milDallas
82%
6.35 milMiami
82%
7.35 milToronto
81%
8.55 milWashington, DC
78%
7.65 milBoston
76%
7.35 milPhiladelphia
74%
14.7 milLondon
69%
5.80 milAtlanta
62%
6.45 milMadrid
55%

Score Distribution

Percentile by Number Answered

Percent of People with Each Score

Your Score History

You have not taken this quiz since the last reset